Drapeau à 2 bandes horizontale blanc et rouge - Statistiques

Statistiques générales
  • Ce quiz a été pris 33 fois
    13 depuis la dernière actualisation
  • Le résultat moyen est 5 sur 23
Statistiques - réponses
Par images Réponse % Correct
Monaco
100%
Pologne
92%
Indonésie
75%
Haute-Autriche (Land autrichien)
33%
Salzbourg (Land autrichien)
33%
Tyrol (Land autrichien)
33%
Vienne (Land autrichien et capital de l'Autriche)
33%
Vorarlberg (Land autrichien)
33%
Hesse (Land allemand)
17%
Thuringe (Land allemand)
17%
Bohème (1198-1918)
8%
Soleure (Canton suisse)
8%
Alsace (Rot un Wiss)
0%
Brandebourg (Province prussienne de 1815-1945)
0%
Duché de Courlande (1561-1795)
0%
Galicie (1890-1918)
0%
Grand-duché de Posen (1815-1848)
0%
Lucques (Ville italienne)
0%
République de Zakopane (1918-1918)
0%
Royaume de Croatie (1527-1868)
0%
Royaume de Madagascar (1810 - 1885)
0%
Tarija (Département bolivien et ville bolivienne)
0%
Tchécoslovaquie (1918-1920)
0%
Aucun quiz correspondant
Distribution des résultats
% des personnes avec chaque résultat
Percentile par nombre de réponses
Votre historique - résultats
Vous n’avez pas pris ce quiz depuis la dernière actualisation